000 00476nam a2200205Ia 4500
008 210210b1945 xxu||||| |||| 00| 0 eng d
041 _aeng
082 _a539/117
100 _aWEBSTER (Sidney)
245 _aAircraft and power plant accessory equipment
260 _aNew York
_b-
_c1945
300 _a151
650 _apower
650 _aplant
650 _aequipment
650 _aAircraft
650 _aaccessory
690 _aModern Physics
906 _a009133
999 _c126816
_d126816